LEADER 00817nam0-22002771i-450- 001 990002227210403321 005 20021010 035 $a000222721 035 $aFED01000222721 035 $a(Aleph)000222721FED01 035 $a000222721 100 $a20021010d--------km-y0itay50------ba 101 0 $aita 200 1 $a<>fotografia$esue basi, sua pratica$ecorso elementare completo tenuto alla scuola del libro di Milano dal prof.Rodolfo Namias 210 $aMilano$ca cura del per. Il Progresso Fotografico$d1902. 215 $a75 p. 18 cm 676 $a 700 1$aNamias,$bRodolfo$057410 801 0$aIT$bUNINA$gRICA$2UNIMARC 901 $aBK 912 $a990002227210403321 952 $a80 BUSTA 3 (12)$b5451$fFFABC 959 $aFFABC 996 $aFotografia$9397084 997 $aUNINA DB $aING01 LEADER 00889nam0-22002651i-450- 001 990006341510403321 005 19980601 035 $a000634151 035 $aFED01000634151 035 $a(Aleph)000634151FED01 035 $a000634151 100 $a19980601d1996----km-y0itay50------ba 105 $a--------00-yy 200 1 $aContabilità e procedure informatiche$eguida agli adempimenti amministrativi, contabili e fiscali per l'impiego di elaboratori$ela costituzione dei ced, la conservazione dei documenti su supportiottici$fSalvatore Dammacco 210 $aMilano$cGiuffrè$d1996 676 $a343.042 700 1$aDammacco,$bSalvatore$0117177 801 0$aIT$bUNINA$gRICA$2UNIMARC 901 $aBK 912 $a990006341510403321 952 $aXIX G 14$b33289*$fFGBC 959 $aFGBC 996 $aContabilità e procedure informatiche$9657494 997 $aUNINA DB $aGIU01 LEADER 01945nam 2200433 n 450 001 996391964103316 005 20200824121111.0 035 $a(CKB)4940000000104167 035 $a(EEBO)2264174333 035 $a(UnM)99849899e 035 $a(UnM)99849899 035 $a(EXLCZ)994940000000104167 100 $a19920213d1550 uy | 101 0 $aeng 135 $aurbn||||a|bb| 200 10$aPrayers or meditacions$b[electronic resource] $ewherein the minde is stirred, paciently to suffre all afflictions here, to set at nought the vayne prosperitie of this worlde, and alway to longe for the euerlastynge felicitee: collected out of holy workes by the most vertuous and gracious princesse Katherine Queene of England, Fraunce, and Ireland 210 $a[London $cW. Powell?$dca. 1550] 215 $a[62] p 300 $aAn edition of: Prayers stirryng the mind unto heavenlye medytacions. 300 $aPrinter's name and publication date conjectured by STC. 300 $aThis edition has a prayer for King Edward towards the end. 300 $aD2r has an initial 'O' with a bird. 300 $aRunning title reads: Praiers. 300 $aFolger Shakespeare Library copy formerly STC 4821; identified as STC 4821 on UMI microfilm, reel 678. 300 $aSignatures: A-D (-D8, blank?). 300 $aReproduction of the original in the Folger Shakespeare Library (identified as STC 4821), and the Bodleian Library. 300 $aAppears at reel 678 (Folger Shakespeare Library copy), and reel 1478 (Bodleian Library copy). 330 $aeebo-0216 606 $aPrayers$vEarly works to 1800 615 0$aPrayers 700 $aCatharine Parr$cQueen, consort of Henry VIII, King of England,$f1512-1548.$01005765 801 0$bCu-RivES 801 1$bCu-RivES 801 2$bCStRLIN 801 2$bWaOLN 906 $aBOOK 912 $a996391964103316 996 $aPrayers or meditacions$92362416 997 $aUNISA